000
00173 a2200085 4500
020
_a
9781485312154
082
_a
AF BAKK
100
_a
BAKKES, C
245
_a
HOU DIE KRUIT DROOG
999
_c
793263
_d
793262
942
_w
269
_x
Nkakole Lesufi
_y
269
_z
Nkakole Lesufi